Veci, živly a človek v Guillevicovej poézii

Podrobná bibliografia
Hlavný autor: Bartko, Michal, 1923-2008 (Autor)
Médium: Článok
Jazyk:slovenčina
Predmet:

MARC

LEADER 00000nab a2200000uu 4500
001 vtls011447644
003 SK-MaSNL
005 20260303164850.0
008 230313|1966 xo |||||||||||||||||slo|
015 |a SNBRB 
035 |a (urnnbn)urn:nbn:sk:snk:ar-004p8r 
035 |a (uuid)104c9479-3e85-449c-af0d-f346f3038e35 
035 |a urn:nbn:sk:snk-abckgz 
040 |a SNKBUCL  |b slo  |c SNKBUCL  |e AACR2 
041 0 |a slo 
044 |a xo  |c SK 
100 1 |a Bartko, Michal,  |d 1923-2008  |4 aut  |9 131593 
245 1 0 |a Veci, živly a človek v Guillevicovej poézii  |c Michal Bartko 
600 1 7 |a Guillevic, Eugéne,  |d 1907-1997  |2 SNKMA  |9 218551 
773 0 |t Revue svetovej literatúry  |g Roč. 2, č. 2 (1966), s. [168]-170 
958 |a OND 
958 |a EUIPO 
958 |a article16 
999 |c 2068324  |d 2070254